Biblioteca

La posesión demoníaca y la liberación : (Registro nro. 68394)

Detalles MARC
000 -LÍDER
Campo fijo de descripción fija 02970nam a2200361 i 4500
001 - NÚMERO DE CONTROL
Campo de control 768714001
003 - IDENTIFICADOR DEL NÚMERO DE CONTROL
Campo de control CO-MdFUSB
005 - FECHA Y HORA DE LA ULTIMA TRANSACCIÓN
control field 20230207112019.0
007 - CAMPO FIJO DE DESCRIPCIÓN FIJA--INFORMACIÓN GENERAL
Campo fijo de descripción fija cr aa uaaaa
008 - ELEMENTOS DE LONGITUD FIJA -- INFORMACIÓN GENERAL
Campo fijo de descripción fija -- Información general 230207t2022 uy |||| |||| 00| 0 spa d
020 ## - NÚMERO INTERNACIONAL NORMALIZADO PARA LIBROS
Número Internacional Normalizado del libro 9789877650839
Información adicional electrónico
040 ## - FUENTE DE CATALOGACIÓN
Agencia de catalogación original CO-MdFUSB
Idioma de catalogación spa
Agencia que realiza la transcripción CO-MdFUSB
Agencia que realiza la modificación CO-MdFUSBC
Convenciones de la descripción rda
041 ## - CÓDIGO DE IDIOMA
Código de idioma para texto/pista de sonido o título separado spa
082 ## - NÚMERO DE CLASIFICACIÓN DECIMAL DEWEY
Número de la edición del Dewey 23
Número de clasificación 235.2
100 ## - ASIENTO PRINCIPAL--NOMBRE PERSONAL
Nombre personal Brizuela, David Miguel,
Término relacionador autor
245 13 - TÍTULO
Título del Material La posesión demoníaca y la liberación :
Parte restante del título - Subtitulo una mirada bíblica y pastoral
Mención de responsabilidad, etc. / David Miguel Brizuela
Medio físico [electrónico]
250 ## - MENCIÓN DE EDICIÓN
Mención de edición segunda edición revisada
264 #1 - PRODUCCIÓN, PUBLICACIÓN, DISTRIBUCIÓN, MANUFACTURA, Y COPYRIGHT
Lugar de producción, publicación, distribución, manufactura Uuruguay, Montevideo :
Nombre del productor, publicador, distribuidor Universidad Adventista del Plata,
Fecha de producción, publicación, distribución, manufactura, o copyright [2022]
264 #4 - PRODUCCIÓN, PUBLICACIÓN, DISTRIBUCIÓN, MANUFACTURA, Y COPYRIGHT
Fecha de producción, publicación, distribución, manufactura, o copyright © 2022
300 ## - DESCRIPCIÓN FÍSICA
Dimensiones ;
336 ## - TIPO DE CONTENIDO
Fuente rdacontent
Término de tipo de contenido texto
Código de tipo de contenido txt
337 ## - TIPO DE MEDIO
Fuente rdamedia
Nombre del tipo de medio informático
Código del tipo de medio c
338 ## - TIPO DE SOPORTE
Fuente rdacarrier
Nombre del tipo de soporte remoto
Código Tipo de soporte cr
505 ## - NOTA DE CONTENIDO
Nota de contenido con formato preestablecido ¿Por qué es necesario saber cómo trabaja el enemigo en estos tiempos? -- Fuerzas del mal: jerarquías, actividades y posesión demoníaca. -- Análisis sobre los encuentros de Cristo con personas endemoniadas. -- Errores cometidos. -- Pasos para la victoria. -- Una verdad muy penosa. -- Idolatría actual frente a adoración verdadera. -- El pecado y la posesión demoníaca. -- Los entretenimientos y la posesión demoníaca. -- Las heridas emocionales, el rencor y la posesión demoníaca. -- Actividades ocultistas y posesión demoníaca. -- Alcoholismo y drogadicción: puertas abiertas para el enemigo. -- Opresión diabólica y cargas espirituales. -- Resistiendo al enemigo como soldados de Cristo. -- El Espíritu Santo, la oración y la victoria sobre el enemigo. -- Consideraciones finales. -- Derrotas del querubín caído y su destrucción final.
506 ## - NOTA DE RESTRICCIONES DE ACCESO
Condiciones de acceso Solicitar clave y usuario para acceder al libro electrónico.
506 ## - NOTA DE RESTRICCIONES DE ACCESO
Condiciones de acceso Libro multiusuario.
520 ## - NOTA DE RESUMEN, ETC.
Nota de sumario, etc. Los Evangelios registran que Jesús dedicó parte de su ministerio a la liberación de los endemoniados. Incluso, delegó parte de esa labor a sus discípulos, quienes siguiendo las instrucciones de Jesús liberaron a personas poseídas. En esta obra se presenta un estudio bíblico sobre las fuerzas del mal, las características de la posesión demoníaca, la forma en que Jesús liberó a los poseídos y la manera de ayudar en el presente a quienes solicitan ayuda. David Brizuela también detalla el rol de la oración, la lectura de las Escrituras, la consagración personal y la obra del Espíritu Santo al dar liberación. A modo de advertencia, esta publicación presenta un detallado informe de actividades ocultistas y los riesgos que corren quienes las practican.
650 #7 - ASIENTO SECUNDARIO DE MATERIA - TERMINO TEMÁTICO
9 (RLIN) 2269
Término temático o nombre geográfico como elemento de entrada Demonología
856 ## - LOCALIZACIÓN Y ACCESO ELECTRÓNICOS
Numero de Acceso 3423948
Identificador Uniforme del Recurso <a href="https://search.ebscohost.com/login.aspx?direct=true&db=nlebk&AN=3423948&lang=es&site=ehost-live">https://search.ebscohost.com/login.aspx?direct=true&db=nlebk&AN=3423948&lang=es&site=ehost-live</a>
Nota dirigida al público <a href="Abrir Versión electrónica del libro La posesión demoníaca y la liberación : Una mirada bíblica y pastoral">Abrir Versión electrónica del libro La posesión demoníaca y la liberación : Una mirada bíblica y pastoral</a>
942 ## - TIPO DE MATERIAL (KOHA)
Tipo de Item KOHA Libros General
945 ## - INFORMACIÓN LOCAL DEL REGISTRO
Catalogador JTF-925
Existencias
Estado de Material Estado de Perdido Forma de Clasificación Estado de Dañado No para Préstamo Colección Biblioteca de Origen Biblioteca Permanente Ubicación en Estantería Fecha de Adquisición Área Total de Préstamos Código de Barras Última vez visto Ejemplar/Existencia Url Fecha de Remplazo Tipo de Material Nota Pública
    Dewey Decimal Classification     Colección Libros Electrónicos Biblioteca FUSBC Biblioteca FUSBC Libro electrónico 07/02/2023 TEOLOGÍA CRISTIANA   ID3423948 07/02/2023 Ej. 1 http://bit.ly/3jBNA4c 07/02/2023 Libro electrónico LIBRO ELECTRÓNICO - Seguir el link de acceso

Biblioteca FUSBC | Teléfono: (57+4) 349 88 10 Ext. 141| WhatsApp (+57) 3005338115 
E-mail: biblioteca@unisbc.edu.co | Calle 76 87-14 Robledo Palenque, Medellín, Colombia

Con tecnología Koha